CRC handbook of laboratory safety / (Record no. 4849)

MARC details
000 -LEADER
fixed length control field 01117cam a2200277 a 4500
001 - CONTROL NUMBER
control field 11872665
003 - CONTROL NUMBER IDENTIFIER
control field OSt
005 - DATE AND TIME OF LATEST TRANSACTION
control field 20160722173945.0
008 - FIXED-LENGTH DATA ELEMENTS--GENERAL INFORMATION
fixed length control field 991220s2000 flua bf 001 0 eng
010 ## - LIBRARY OF CONGRESS CONTROL NUMBER
LC control number 99086773
020 ## - INTERNATIONAL STANDARD BOOK NUMBER
International Standard Book Number 0849325234 (acid-free paper)
040 ## - CATALOGING SOURCE
Original cataloging agency DLC
Transcribing agency DLC
Modifying agency DLC
082 ## - DEWEY DECIMAL CLASSIFICATION NUMBER
Classification number QY 90
Item number F983c 2000
100 1# - MAIN ENTRY--PERSONAL NAME
Personal name Furr, A. Keith,
9 (RLIN) 10404
245 10 - TITLE STATEMENT
Title CRC handbook of laboratory safety /
Statement of responsibility, etc. A. Keith Furr.
246 30 - VARYING FORM OF TITLE
Title proper/short title Laboratory safety
250 ## - EDITION STATEMENT
Edition statement 5th ed.
260 ## - PUBLICATION, DISTRIBUTION, ETC. (IMPRINT)
Place of publication, distribution, etc. Boca Raton :
Name of publisher, distributor, etc. CRC Press,
Date of publication, distribution, etc. 2000.
300 ## - PHYSICAL DESCRIPTION
Extent xxvii, 774 p. :
Other physical details ill. ;
Dimensions 26 cm.
504 ## - BIBLIOGRAPHY, ETC. NOTE
Bibliography, etc Includes bibliographical references and index.
650 #0 - SUBJECT ADDED ENTRY--TOPICAL TERM
Topical term or geographic name as entry element Chemical laboratories
General subdivision Safety measures
Form subdivision Handbooks, manuals, etc.
9 (RLIN) 10405
856 42 - ELECTRONIC LOCATION AND ACCESS
Materials specified Publisher description
Uniform Resource Identifier http://www.loc.gov/catdir/enhancements/fy0646/99086773-d.html
906 ## - LOCAL DATA ELEMENT F, LDF (RLIN)
a 7
b cbc
c orignew
d 1
e ocip
f 19
g y-gencatlg
942 ## - ADDED ENTRY ELEMENTS (KOHA)
Source of classification or shelving scheme Other/Generic Classification Scheme
Koha item type Open Shelf
Holdings
Withdrawn status Lost status Source of classification or shelving scheme Damaged status Not for loan Home library Current library Date acquired Source of acquisition Inventory number Total Checkouts Full call number Barcode Date last seen Price effective from Koha item type
    Other/Generic Classification Scheme     MUST Main Library MUST Main Library 22/07/2016   2006/26762   QY 90 F983c 2000 2016-3406 22/07/2016 22/07/2016 Open Shelf
    Other/Generic Classification Scheme     MUST Main Library MUST Main Library 22/07/2016   2006/26761   QY 90 F983c 2000 2016-3407 22/07/2016 22/07/2016 Open Shelf